| 000 | 00535nam a22001937a 4500 | ||
|---|---|---|---|
| 003 | KOHA_MİRAKIL | ||
| 005 | 20240930101020.0 | ||
| 008 | 240929b2022 tu ||||| |||| 00| 0 tur d | ||
| 020 | _a9786258036978 | ||
| 040 |
_aTR-AnABB _btur _cTR-AnABB |
||
| 041 | _atur | ||
| 082 |
_a828.3354 _bGER 2022 |
||
| 100 |
_aGerritsen, Tess, _d1953-. |
||
| 245 | 0 |
_aHasat / _cTess Gerritsen. |
|
| 260 |
_aİstanbul : _bDoğan Kitap Yayıncılık, _c2022. |
||
| 300 |
_a312 sayfa ; _c20 cm. |
||
| 650 | _aAmerikan edebiyatı, roman | ||
| 942 |
_2ddc _cBK |
||
| 999 |
_c2340 _d2340 |
||